| 000 | 00600nam a22002057a 4500 | ||
|---|---|---|---|
| 003 | KOHA_MİRAKIL | ||
| 005 | 20260407065847.0 | ||
| 008 | 260401b tu ||||| |||| 00| 0 tur d | ||
| 040 |
_aTR-AnABB _btur _cTR-AnABB |
||
| 041 | _atur | ||
| 082 |
_a305.89 BEŞ 1993 _bBES 1993 |
||
| 100 | 1 | _aBeşikci, İsmail | |
| 245 | 1 | 0 |
_aKendini Keşfeden Ulus Kürter / _cİsmail Beşikçi |
| 250 | _a1. baısm | ||
| 260 |
_aİstanbul : _bYurt Kitap Yayın, _c1993 |
||
| 300 |
_a367 sayfa : _c20 cm |
||
| 650 | 0 | 4 | _aEtnik gruplar, sosyoloji |
| 900 | _bCan ÇELIK | ||
| 942 |
_2ddc _cBK |
||
| 999 |
_c10141 _d10141 |
||